| 000 | 00862nam a22002297a 4500 | ||
|---|---|---|---|
| 005 | 20191224042340.0 | ||
| 008 | 171103b2015 ck ||||| |||| 00| 0 spa d | ||
| 040 |
_aCO-BoIAVH _cCO-BoIAVH |
||
| 041 | _aspa | ||
| 044 | _ack | ||
| 082 |
_a634.95 _bC82m |
||
| 110 | 1 | _aCorporación Autónoma Regional de Cundinamarca | |
| 245 | 1 | 0 |
_aManual técnico operativo: _bdestinado al control del tráfico de maderas en la jurisdicción Car |
| 260 |
_aBogotá: _bCorporación Autónoma Regional de Cundinamarca, _c2015. |
||
| 300 |
_a126 páginas _bfotografías, tablas _c20 x 15cm |
||
| 650 | 1 | 4 |
_aControl trafico _vMadera |
| 650 | 1 | 4 |
_aRecursos naturales _vConservación |
| 650 | 1 | 4 |
_aFlora _vEspecies amenazadas |
| 650 | 1 | 4 |
_aFauna _vEspecies amenazadas |
| 650 | 1 | 4 |
_aRecursos naturales _vSostenibilidad |
| 942 |
_2ddc _cLIBRO |
||
| 999 |
_c19948 _d19948 |
||